[Event "FIN-chT 2324"]
[Site "Finland"]
[Date "2023.09.23"]
[Round "1.4"]
[White "Galchenko, Vadim"]
[Black "Yrjola, Jouni"]
[Result "1-0"]
[WhiteElo "2150"]
[BlackElo "2296"]
[PlyCount "83"]
[EventDate "2023.09.23"]
[EventType "team-tourn"]
[EventRounds "12"]
[EventCountry "FIN"]
[SourceTitle "EXT 2024"]
[Source "ChessBase"]
[SourceDate "2023.10.10"]
[SourceVersion "1"]
[SourceVersionDate "2023.10.10"]
[SourceQuality "1"]
[WhiteTeam "Jyvaskyla JyS"]
[BlackTeam "Salo SalSK"]
[WhiteTeamCountry "FIN"]
[BlackTeamCountry "FIN"]

1. Nf3 d6 2. d4 Nf6 3. c4 Bf5 4. Qb3 b6 5. Nc3 g6 6. h3 Bg7 7. g4 Bd7 8. e4 0-0 9. Be3 c5 10. Be2 cxd4 11. Nxd4 Nc6 12. Qd1 Nxd4 13. Bxd4 Bc6 14. Qd3 Qc7 15. h4 Qb7 16. f3 Rfd8 17. h5 e5 18. Be3 Nd7 19. Qd2 Nf8 20. Bg5 f6 21. Be3 Ne6 22. Nd5 Rac8 23. h6 Bh8 24. Kf2 Bxd5 25. cxd5 Nd4 26. Rhc1 Qe7 27. Ba6 Rxc1 28. Rxc1 f5 29. Bxd4 exd4 30. gxf5 Qh4+ 31. Ke2 Be5 32. Rc7 gxf5 33. Kd3 fxe4+ 34. fxe4 Rf8 35. Bc8 Qh1 36. Qg5+ Kh8 37. Qg7+ Bxg7 38. hxg7+ Kg8 39. Be6+ Rf7 40. Rxf7 Qd1+ 41. Kc4 Qc2+ 42. Kb5 1-0

[Event "FIN-chT 2223"]
[Site "Finland"]
[Date "2022.11.05"]
[Round "5.4"]
[White "Al Hajaj, Amjad"]
[Black "Yrjola, Jouni"]
[Result "0-1"]
[WhiteElo "1953"]
[BlackElo "2293"]
[PlyCount "72"]
[EventDate "2022.09.24"]
[EventType "team-tourn"]
[EventRounds "11"]
[EventCountry "FIN"]
[SourceTitle "EXT 2024"]
[Source "ChessBase"]
[SourceDate "2023.10.10"]
[SourceVersion "1"]
[SourceVersionDate "2023.10.10"]
[SourceQuality "1"]
[WhiteTeam "Joensuu SK"]
[BlackTeam "Salo SalSK"]
[WhiteTeamCountry "FIN"]
[BlackTeamCountry "FIN"]

1. d4 Nf6 2. c4 g6 3. g3 Bg7 4. Bg2 d5 5. Nf3 dxc4 6. Qa4+ Nfd7 7. Qxc4 Nc6 8. e3 e5 9. 0-0 0-0 10. Nc3 Nb6 11. Qe2 Bg4 12. Rd1 exd4 13. h3 Qc8 14. exd4 Bxh3 15. Bf4 Bg4 16. d5 Re8 17. Qf1 Bxf3 18. Bxf3 Nd4 19. Bg2 Qd7 20. Rac1 Na4 21. Bh3 f5 22. Kh1 Nxc3 23. Rxc3 Rac8 24. Qc4 Nb5 25. Re3 Nd6 26. Qb3 Ne4 27. Kg1 Kh8 28. f3 Nc5 29. Qc2 Qa4 30. b3 Qb4 31. Rxe8+ Rxe8 32. Bxc7 Nd7 33. Qd2 Qc5+ 34. Qf2 Qxc7 35. Qxa7 Qxg3+ 36. Bg2 Re2 0-1

[Event "FIN-chT 2223"]
[Site "Finland"]
[Date "2022.09.25"]
[Round "2.4"]
[White "Pitkaaho, Aki"]
[Black "Yrjola, Jouni"]
[Result "1/2-1/2"]
[WhiteElo "2184"]
[BlackElo "2294"]
[PlyCount "39"]
[EventDate "2022.09.24"]
[EventType "team-tourn"]
[EventRounds "11"]
[EventCountry "FIN"]
[SourceTitle "CBM 210 Extra"]
[Source "ChessBase"]
[SourceDate "2022.11.30"]
[SourceVersion "1"]
[SourceVersionDate "2022.11.30"]
[SourceQuality "1"]
[WhiteTeam "Raahe Li"]
[BlackTeam "Salo SalSK"]
[WhiteTeamCountry "FIN"]
[BlackTeamCountry "FIN"]

1. e4 c5 2. Nf3 d6 3. Bb5+ Bd7 4. Bxd7+ Nxd7 5. c4 Ngf6 6. Nc3 Ne5 7. d4 Nxf3+ 8. gxf3 cxd4 9. Qxd4 g6 10. Bg5 Bg7 11. Nd5 0-0 12. 0-0 Nxd5 13. Qxd5 b6 14. Rab1 Rc8 15. b4 e6 16. Qd2 Bf6 17. Bh6 Be5 18. Bg5 Bf6 19. Bh6 Be5 20. Bg5 1/2-1/2

[Event "Split op 11th"]
[Site "Split"]
[Date "2022.07.17"]
[Round "2"]
[White "Hamer, Ivan"]
[Black "Yrjola, Jouni"]
[Result "0-1"]
[WhiteElo "1937"]
[BlackElo "2278"]
[PlyCount "68"]
[EventDate "2022.07.16"]
[EventType "swiss"]
[EventRounds "9"]
[EventCountry "CRO"]
[SourceTitle "CBM 209 Extra"]
[Source "ChessBase"]
[SourceDate "2022.09.30"]
[SourceVersion "1"]
[SourceVersionDate "2022.09.30"]
[SourceQuality "1"]

1. d4 d6 2. c4 e5 3. Nf3 e4 4. Nfd2 f5 5. Nc3 Nf6 6. Nb3 c6 7. d5 c5 8. h3 Be7 9. Bf4 Nh5 10. Bh2 e3 11. Qd3 exf2+ 12. Kxf2 0-0 13. Qf3 Nf6 14. Kg1 Ne4 15. e3 Nxc3 16. bxc3 Bf6 17. Rc1 Qe7 18. Bd3 Nd7 19. Nd2 Ne5 20. Bxe5 Bxe5 21. Qf2 Bd7 22. Nf3 Rae8 23. Qe1 Bf6 24. Kf2 g5 25. g4 Bg7 26. Qd2 h6 27. Rcg1 Qf7 28. Be2 Re7 29. Bd1 Rfe8 30. gxf5 Bxf5 31. Re1 Re4 32. Bb3 g4 33. hxg4 Bxg4 34. Bd1 Rf8 0-1

[Event "WchT Seniors 50"]
[Site "Prague"]
[Date "2020.03.12"]
[Round "7.1"]
[White "Goldinger, Peter"]
[Black "Yrjola, Jouni"]
[Result "0-1"]
[WhiteElo "2052"]
[BlackElo "2309"]
[PlyCount "68"]
[EventDate "2020.03.06"]
[EventType "team-swiss"]
[EventRounds "7"]
[EventCountry "CZE"]
[SourceTitle "CBM 195 Extra"]
[Source "ChessBase"]
[SourceDate "2020.05.31"]
[SourceVersion "1"]
[SourceVersionDate "2020.05.31"]
[SourceQuality "1"]
[WhiteTeam "Germany 50 VII"]
[BlackTeam "Finland 50"]
[WhiteTeamCountry "GER"]
[BlackTeamCountry "FIN"]

1. c4 g6 2. Nc3 Bg7 3. Nf3 d6 4. d4 Bg4 5. e3 Nf6 6. Be2 0-0 7. 0-0 c5 8. Qd2 Nc6 9. b3 d5 10. Bb2 dxc4 11. bxc4 cxd4 12. exd4 Bxf3 13. Bxf3 Nxd4 14. Qd3 Nd7 15. Be2 Ne5 16. Qd1 Nxe2+ 17. Qxe2 Qd3 18. c5 Rac8 19. Qe4 Rxc5 20. Qxb7 Qd7 21. Qxd7 Nxd7 22. Rad1 Nb6 23. Ne4 Rc2 24. Bxg7 Kxg7 25. a3 Rfc8 26. f4 Ra2 27. Rf3 Rc4 28. Re1 e6 29. h3 Rcc2 30. Rg3 Nd5 31. f5 exf5 32. Nd6 f4 33. Ne8+ Kf8 34. Rg5 Ne3 0-1

[Event "WchT Seniors 50"]
[Site "Rhodes"]
[Date "2019.04.23"]
[Round "8.10"]
[White "Yrjola, Jouni"]
[Black "Priedite, Ingrida"]
[Result "1-0"]
[WhiteElo "2327"]
[BlackElo "2044"]
[PlyCount "91"]
[EventDate "2019.04.16"]
[EventType "team-swiss"]
[EventRounds "9"]
[EventCountry "GRE"]
[SourceTitle "CBM 190 Extra"]
[Source "ChessBase"]
[SourceDate "2019.07.15"]
[SourceVersion "1"]
[SourceVersionDate "2019.07.15"]
[SourceQuality "1"]
[WhiteTeam "Finland"]
[BlackTeam "Latvia (Women)"]
[WhiteTeamCountry "FIN"]
[BlackTeamCountry "LAT"]

1. d4 Nf6 2. c4 e6 3. Nc3 Bb4 4. Qc2 0-0 5. a3 Bxc3+ 6. Qxc3 b6 7. Bg5 Bb7 8. f3 h6 9. Bh4 d5 10. e3 Nbd7 11. Nh3 Rc8 12. c5 bxc5 13. dxc5 Ne4 14. Bxd8 Nxc3 15. Bh4 Na4 16. b4 c6 17. Kd2 a5 18. Be7 Rfe8 19. Bd6 Ra8 20. Kc2 Ba6 21. Kb3 Bb5 22. Bxb5 cxb5 23. Nf4 Nb8 24. Ne2 axb4 25. axb4 Nc6 26. Nd4 Nxd4+ 27. exd4 Rec8 28. g4 Rc6 29. f4 Rca6 30. Rab1 f6 31. h4 Rc6 32. Ra1 Rca6 33. Rab1 Rc6 34. f5 exf5 35. gxf5 Nb6 36. Ra1 Na4 37. Rhe1 Rca6 38. Rab1 R6a7 39. Re6 Kh7 40. h5 Ra6 41. Re7 Nb6 42. cxb6 Ra3+ 43. Kc2 Rf3 44. Re2 Ra2+ 45. Rb2 Raa3 46. b7 1-0

[Event "WchT Seniors 50"]
[Site "Rhodes"]
[Date "2019.04.20"]
[Round "5.4"]
[White "Yrjola, Jouni"]
[Black "Hjartarson, Johann"]
[Result "1/2-1/2"]
[WhiteElo "2327"]
[BlackElo "2520"]
[PlyCount "45"]
[EventDate "2019.04.16"]
[EventType "team-swiss"]
[EventRounds "9"]
[EventCountry "GRE"]
[SourceTitle "CBM 190 Extra"]
[Source "ChessBase"]
[SourceDate "2019.07.15"]
[SourceVersion "1"]
[SourceVersionDate "2019.07.15"]
[SourceQuality "1"]
[WhiteTeam "Finland"]
[BlackTeam "Iceland"]
[WhiteTeamCountry "FIN"]
[BlackTeamCountry "ISL"]

1. c4 g6 2. d4 Bg7 3. Nf3 Nf6 4. g3 d5 5. cxd5 Nxd5 6. Bg2 Nb6 7. Nc3 Nc6 8. e3 0-0 9. 0-0 Re8 10. a3 Be6 11. Nd2 a5 12. Nb3 Bc4 13. Nc5 Bxf1 14. Nxb7 Qc8 15. Qxf1 Qxb7 16. Qb5 Nxd4 17. exd4 Qc8 18. Bxa8 Qxa8 19. Bf4 Rc8 20. Be5 e6 21. Rc1 h5 22. Bxg7 Kxg7 23. Qf5 1/2-1/2

[Event "FIN-chT 1819"]
[Site "Finland"]
[Date "2019.04.07"]
[Round "11.1"]
[White "Kulaots, Kaido"]
[Black "Yrjola, Jouni"]
[Result "1-0"]
[WhiteElo "2542"]
[BlackElo "2338"]
[PlyCount "65"]
[EventDate "2018.09.15"]
[EventType "team-tourn"]
[EventRounds "11"]
[EventCountry "FIN"]
[SourceTitle "CBM 189 Extra"]
[Source "ChessBase"]
[SourceDate "2019.06.03"]
[SourceVersion "1"]
[SourceVersionDate "2019.06.03"]
[SourceQuality "1"]
[WhiteTeam "Salo SalSK"]
[BlackTeam "Helsinki KS 58"]
[WhiteTeamCountry "FIN"]
[BlackTeamCountry "FIN"]

1. e4 c5 2. Nf3 Nc6 3. d4 cxd4 4. Nxd4 g6 5. Nc3 Bg7 6. Be3 Nf6 7. Bc4 0-0 8. Bb3 d5 9. exd5 Na5 10. 0-0 Nxb3 11. Nxb3 b6 12. d6 e6 13. Qf3 Rb8 14. Rfd1 Bb7 15. Qh3 Qd7 16. Bh6 Rbc8 17. Bxg7 Kxg7 18. Qg3 Rc4 19. Rd4 Rxd4 20. Nxd4 Rc8 21. Rd1 h6 22. h3 Rc5 23. Qe3 Kh7 24. Nf3 Qc6 25. Qd4 Nd7 26. Qg4 Qc8 27. Rd3 Rf5 28. Qg3 Qc5 29. h4 Kg7 30. Nd4 Re5 31. Rd1 Bd5 32. f4 Rh5 33. f5 1-0

[Event "FIN-chT 1819"]
[Site "Finland"]
[Date "2019.04.06"]
[Round "10.1"]
[White "Yrjola, Jouni"]
[Black "Sepp, Olav"]
[Result "1/2-1/2"]
[WhiteElo "2338"]
[BlackElo "2439"]
[PlyCount "111"]
[EventDate "2018.09.15"]
[EventType "team-tourn"]
[EventRounds "11"]
[EventCountry "FIN"]
[SourceTitle "CBM 189 Extra"]
[Source "ChessBase"]
[SourceDate "2019.06.03"]
[SourceVersion "1"]
[SourceVersionDate "2019.06.03"]
[SourceQuality "1"]
[WhiteTeam "Helsinki KS 58"]
[BlackTeam "Vantaa EtVaS"]
[WhiteTeamCountry "FIN"]
[BlackTeamCountry "FIN"]

1. c4 Nf6 2. Nc3 g6 3. g3 Bg7 4. Bg2 0-0 5. d4 d6 6. Nf3 c6 7. 0-0 Qb6 8. b3 e5 9. Ba3 Rd8 10. Qd2 Na6 11. Rac1 Bf5 12. Na4 Qc7 13. Nh4 Bg4 14. h3 Be6 15. d5 Bd7 16. e4 c5 17. Rfe1 Qc8 18. Kh2 Nc7 19. Nc3 a6 20. b4 Nce8 21. Bf1 b5 22. Nd1 cxb4 23. Bxb4 Qb8 24. c5 dxc5 25. Bxc5 Nd6 26. f3 Rc8 27. Nb2 Nc4 28. Nxc4 Rxc5 29. Na5 Rxc1 30. Rxc1 Qd6 31. Ng2 h5 32. Nb3 Kh7 33. Qa5 Bh6 34. Rc2 Rc8 35. Rxc8 Bxc8 36. Qc3 Qd7 37. Ne1 h4 38. g4 Bf4+ 39. Kg2 Ne8 40. Nd3 f6 41. Nxf4 exf4 42. Nd4 Qc7 43. Qxc7+ Nxc7 44. Kf2 Kg7 45. Ke2 Kf7 46. Kd3 Ke7 47. Nb3 Kd6 48. Kd4 g5 49. Nc5 Na8 50. a4 bxa4 51. Nxa4 a5 52. Bb5 Nc7 53. Be2 Na8 54. Bb5 Nc7 55. Be2 Na8 56. Bb5 1/2-1/2

[Event "Tampere TammerSh fall-A"]
[Site "Tampere"]
[Date "2018.10.13"]
[Round "2"]
[White "Keinanen, Toivo"]
[Black "Yrjola, Jouni"]
[Result "1-0"]
[WhiteElo "2395"]
[BlackElo "2337"]
[PlyCount "67"]
[EventDate "2018.10.13"]
[EventType "swiss"]
[EventRounds "4"]
[EventCountry "FIN"]
[SourceTitle "EXT 2021"]
[Source "ChessBase"]
[SourceDate "2020.10.23"]
[SourceVersion "1"]
[SourceVersionDate "2020.10.23"]
[SourceQuality "1"]

1. c4 e5 2. g3 Nf6 3. Bg2 c6 4. d4 Bb4+ 5. Bd2 Bxd2+ 6. Qxd2 e4 7. d5 0-0 8. d6 Re8 9. Nh3 h6 10. Nc3 Na6 11. 0-0 Qb6 12. e3 Nc5 13. Rab1 a5 14. Qd4 Ra6 15. Rfd1 a4 16. Nf4 Qb4 17. h4 b6 18. Bh3 h5 19. Bf1 Qa5 20. Qd2 Ra7 21. Qc2 Qb4 22. Be2 g6 23. Qd2 Qa5 24. Qd4 Ng4 25. Bxg4 hxg4 26. h5 Ne6 27. Nxe6 Rxe6 28. Nxe4 Qf5 29. h6 f6 30. Qxb6 Qxe4 31. Qxa7 c5 32. Rbc1 Bb7 33. Rd5 Bxd5 34. cxd5 1-0

[Event "Portoroz op 12th"]
[Site "Portoroz"]
[Date "2018.07.19"]
[Round "7"]
[White "Sebenik, Matej"]
[Black "Yrjola, Jouni"]
[Result "1-0"]
[WhiteElo "2562"]
[BlackElo "2343"]
[PlyCount "109"]
[EventDate "2018.07.14"]
[EventType "swiss"]
[EventRounds "9"]
[EventCountry "SVK"]
[SourceTitle "EXT 2019"]
[Source "ChessBase"]
[SourceDate "2018.10.10"]
[SourceVersion "1"]
[SourceVersionDate "2018.10.10"]
[SourceQuality "1"]

1. d4 d6 2. e4 Nf6 3. Nc3 e5 4. Nf3 Nbd7 5. Bc4 Be7 6. a4 0-0 7. 0-0 a6 8. a5 exd4 9. Qxd4 Nc5 10. h3 Be6 11. Bxe6 Nxe6 12. Qc4 Re8 13. Be3 Qd7 14. Rfd1 Qc6 15. Qd3 Nc5 16. Bxc5 Qxc5 17. Nd4 Bf8 18. Ra4 g6 19. Nb3 Qe5 20. Nd2 Bg7 21. Rb4 Rab8 22. Nd5 Nxd5 23. exd5 h5 24. c3 Bh6 25. Nf3 Qe2 26. Qxe2 Rxe2 27. Kf1 Ree8 28. g4 hxg4 29. hxg4 Bf8 30. Re1 Rec8 31. Nd2 c6 32. Ne4 Be7 33. Rd1 c5 34. Rb6 Rd8 35. Nd2 Kf8 36. Nc4 Ke8 37. Rd3 Kd7 38. Rh3 Kc7 39. Rh7 Rf8 40. b4 cxb4 41. Rxb4 Bf6 42. Nb6 Kd8 43. Rc4 g5 44. Kg2 Be7 45. Kg3 Ke8 46. Rh6 Kd8 47. Kf3 f5 48. Rh7 fxg4+ 49. Kxg4 Rxf2 50. Re4 Rf4+ 51. Rxf4 gxf4 52. Kf5 f3 53. Ke6 Bg5 54. Rf7 Ke8 55. Nd7 1-0

[Event "Portoroz op 12th"]
[Site "Portoroz"]
[Date "2018.07.16"]
[Round "4"]
[White "Yrjola, Jouni"]
[Black "Skuhala, Barbara"]
[Result "1/2-1/2"]
[WhiteElo "2343"]
[BlackElo "2044"]
[PlyCount "40"]
[EventDate "2018.07.14"]
[EventType "swiss"]
[EventRounds "9"]
[EventCountry "SVK"]
[SourceTitle "EXT 2019"]
[Source "ChessBase"]
[SourceDate "2018.10.10"]
[SourceVersion "1"]
[SourceVersionDate "2018.10.10"]
[SourceQuality "1"]

1. d4 Nf6 2. c4 e6 3. Nc3 Bb4 4. Qc2 c5 5. dxc5 0-0 6. a3 Bxc5 7. Nf3 b6 8. Bf4 Bb7 9. Rd1 d5 10. cxd5 exd5 11. e3 Nbd7 12. Be2 Rc8 13. 0-0 Qe7 14. Bg5 a5 15. Bb5 Ne5 16. Nd4 Ng6 17. Qf5 Bxa3 18. Bxf6 gxf6 19. Nxd5 Bxd5 20. bxa3 Qc5 1/2-1/2

[Event "FIN-chT 1718"]
[Site "Finland"]
[Date "2018.03.10"]
[Round "10.1"]
[White "Turov, Maxim"]
[Black "Yrjola, Jouni"]
[Result "1/2-1/2"]
[WhiteElo "2610"]
[BlackElo "2328"]
[PlyCount "43"]
[EventDate "2017.09.16"]
[EventType "team-tourn"]
[EventRounds "11"]
[EventCountry "FIN"]
[SourceTitle "EXT 2019"]
[Source "ChessBase"]
[SourceDate "2018.10.10"]
[SourceVersion "1"]
[SourceVersionDate "2018.10.10"]
[SourceQuality "1"]
[WhiteTeam "Turku TuTS"]
[BlackTeam "Helsinki KS 58"]
[WhiteTeamCountry "FIN"]
[BlackTeamCountry "FIN"]

1. d4 Nf6 2. Nf3 e6 3. c4 Bb4+ 4. Bd2 Qe7 5. g3 Nc6 6. Bg2 Bxd2+ 7. Nbxd2 d6 8. 0-0 e5 9. d5 Nb8 10. e4 0-0 11. Ne1 a5 12. Nd3 Na6 13. f4 Nd7 14. f5 f6 15. b3 Ndc5 16. Nf2 c6 17. Qf3 Bd7 18. a3 cxd5 19. cxd5 Nc7 20. b4 axb4 21. axb4 N5a6 22. Qb3 1/2-1/2

[Event "FIN-chT 1718"]
[Site "Finland"]
[Date "2017.12.02"]
[Round "5.1"]
[White "Yrjola, Jouni"]
[Black "Rakhmanov, Alexander"]
[Result "0-1"]
[WhiteElo "2328"]
[BlackElo "2669"]
[PlyCount "54"]
[EventDate "2017.09.16"]
[EventType "team-tourn"]
[EventRounds "11"]
[EventCountry "FIN"]
[SourceTitle "EXT 2019"]
[Source "ChessBase"]
[SourceDate "2018.10.10"]
[SourceVersion "1"]
[SourceVersionDate "2018.10.10"]
[SourceQuality "1"]
[WhiteTeam "Helsinki KS 58"]
[BlackTeam "Kotka KymS"]
[WhiteTeamCountry "FIN"]
[BlackTeamCountry "FIN"]

1. d4 Nf6 2. c4 d6 3. Nc3 e5 4. Nf3 Nc6 5. g3 Bd7 6. Bg2 g6 7. 0-0 Bg7 8. d5 Nb8 9. c5 0-0 10. Qb3 Na6 11. cxd6 cxd6 12. Qxb7 Qa5 13. Qb3 Rab8 14. Qd1 Rfc8 15. Nd2 Nc5 16. a3 Qa6 17. Ra2 e4 18. h3 Rc7 19. g4 h6 20. Ndb1 Na4 21. Qe1 Qc4 22. Bf4 Nxc3 23. Nxc3 Ne8 24. Ra1 Rxb2 25. Nxe4 Rxe2 26. Rc1 Qa6 27. Qd1 Ba4 0-1

[Event "Split op 7th"]
[Site "Split"]
[Date "2017.08.23"]
[Round "5"]
[White "Yrjola, Jouni"]
[Black "Bozanic, Ivica"]
[Result "1/2-1/2"]
[WhiteElo "2343"]
[BlackElo "2160"]
[PlyCount "40"]
[EventDate "2017.08.20"]
[EventType "swiss"]
[EventRounds "9"]
[EventCountry "CRO"]
[SourceTitle "CBM 180 Extra"]
[Source "ChessBase"]
[SourceDate "2017.10.06"]
[SourceVersion "1"]
[SourceVersionDate "2017.10.06"]
[SourceQuality "1"]

1. d4 g6 2. e4 Bg7 3. Nf3 c6 4. Bd3 d5 5. e5 Nh6 6. 0-0 0-0 7. Re1 f6 8. e6 b6 9. h4 Ba6 10. Bxh6 Bxh6 11. h5 Kg7 12. g3 c5 13. Nc3 Bxd3 14. Qxd3 c4 15. Qf1 Nc6 16. Qg2 Qd6 17. Rad1 Rad8 18. a3 a6 19. Nh4 Bg5 20. Nf3 Bh6 1/2-1/2

[Event "FIN-chT 1617"]
[Site "Finland"]
[Date "2017.03.10"]
[Round "9.1"]
[White "Yrjola, Jouni"]
[Black "Agopov, Mikael"]
[Result "1/2-1/2"]
[WhiteElo "2336"]
[BlackElo "2440"]
[PlyCount "55"]
[EventDate "2016.09.17"]
[EventType "team-tourn"]
[EventRounds "11"]
[EventCountry "FIN"]
[SourceTitle "EXT 2018"]
[Source "ChessBase"]
[SourceDate "2017.10.13"]
[SourceVersion "1"]
[SourceVersionDate "2017.10.13"]
[SourceQuality "1"]
[WhiteTeam "Helsinki KS 58"]
[BlackTeam "Helsinki Velhot"]
[WhiteTeamCountry "FIN"]
[BlackTeamCountry "FIN"]

1. d4 Nf6 2. c4 e6 3. Nf3 b6 4. a3 Ba6 5. Qb3 Be7 6. Nc3 d5 7. cxd5 Nxd5 8. e4 Bxf1 9. Rxf1 Nxc3 10. Qxc3 0-0 11. Bf4 Bd6 12. Bg3 a5 13. Rc1 Na6 14. Ke2 c5 15. Rfd1 Bxg3 16. hxg3 Qe8 17. Kf1 cxd4 18. Rxd4 Nc5 19. b4 axb4 20. axb4 Na4 21. Qc6 Rc8 22. Qxc8 Qxc8 23. Rxc8 Rxc8 24. Ne5 f6 25. Rc4 Rxc4 26. Nxc4 Kf7 27. Ke2 Ke7 28. Kd3 1/2-1/2

[Event "Salo We SalSK A"]
[Site "Salo"]
[Date "2017.02.18"]
[Round "3"]
[White "Yrjola, Jouni"]
[Black "Sinervuo, Veli Pekka"]
[Result "1-0"]
[WhiteElo "2335"]
[BlackElo "1937"]
[PlyCount "69"]
[EventDate "2017.02.17"]
[EventType "swiss"]
[EventRounds "5"]
[EventCountry "FIN"]
[SourceTitle "EXT 2022"]
[Source "ChessBase"]
[SourceDate "2021.10.06"]
[SourceVersion "1"]
[SourceVersionDate "2021.10.06"]
[SourceQuality "1"]

1. d4 Nf6 2. c4 c5 3. d5 e6 4. Nc3 exd5 5. cxd5 d6 6. Nf3 g6 7. Nd2 Bg7 8. e4 0-0 9. Be2 Re8 10. 0-0 Na6 11. f3 Nc7 12. a4 b6 13. Nc4 Ba6 14. Bg5 Bxc4 15. Bxc4 h6 16. Be3 Rb8 17. Kh1 a6 18. Qd3 b5 19. axb5 axb5 20. Nxb5 Nxb5 21. Bxb5 Re7 22. Ra2 Reb7 23. Bc6 Rb3 24. Qd2 Kh7 25. Ba4 R3b4 26. Qc2 Nd7 27. b3 Ne5 28. Bd2 R4b7 29. Be1 Qc7 30. f4 Ng4 31. Qe2 Nf6 32. Qf3 Rb4 33. Re2 c4 34. Bxb4 Rxb4 35. e5 1-0

[Event "FIN-chT 1617"]
[Site "Finland"]
[Date "2016.10.09"]
[Round "4.1"]
[White "Kauppila, Osmo"]
[Black "Yrjola, Jouni"]
[Result "1/2-1/2"]
[WhiteElo "2315"]
[BlackElo "2336"]
[PlyCount "46"]
[EventDate "2016.09.17"]
[EventType "team-tourn"]
[EventRounds "11"]
[EventCountry "FIN"]
[SourceTitle "EXT 2017"]
[Source "ChessBase"]
[SourceDate "2016.10.25"]
[SourceVersion "1"]
[SourceVersionDate "2016.10.25"]
[SourceQuality "1"]
[WhiteTeam "Oulu OSS"]
[BlackTeam "Helsinki KS 58"]
[WhiteTeamCountry "FIN"]
[BlackTeamCountry "FIN"]

1. e4 c5 2. Nf3 Nc6 3. Bb5 g6 4. Bxc6 bxc6 5. 0-0 Bg7 6. Re1 Nh6 7. c3 0-0 8. d4 cxd4 9. cxd4 d5 10. e5 f6 11. exf6 exf6 12. h3 Re8 13. Nc3 Nf7 14. Bf4 g5 15. Bg3 g4 16. hxg4 Bxg4 17. Qd3 Qd7 18. Nh4 Rxe1+ 19. Rxe1 Re8 20. Rxe8+ Qxe8 21. Nf5 Bxf5 22. Qxf5 Nh6 23. Qf4 Qe1+ 1/2-1/2

[Event "FIN-chT 1617"]
[Site "Finland"]
[Date "2016.10.08"]
[Round "3.1"]
[White "Yrjola, Jouni"]
[Black "Novik, Maxim"]
[Result "1/2-1/2"]
[WhiteElo "2336"]
[BlackElo "2486"]
[PlyCount "45"]
[EventDate "2016.09.17"]
[EventType "team-tourn"]
[EventRounds "11"]
[EventCountry "FIN"]
[SourceTitle "EXT 2017"]
[Source "ChessBase"]
[SourceDate "2016.10.25"]
[SourceVersion "1"]
[SourceVersionDate "2016.10.25"]
[SourceQuality "1"]
[WhiteTeam "Helsinki KS 58"]
[BlackTeam "Jyvaskyla JyS"]
[WhiteTeamCountry "FIN"]
[BlackTeamCountry "FIN"]

1. Nf3 c5 2. c4 Nf6 3. Nc3 d5 4. cxd5 Nxd5 5. d4 Nxc3 6. bxc3 g6 7. Bg5 Bg7 8. Qd2 h6 9. Bh4 0-0 10. Rc1 Nd7 11. e3 b6 12. Be2 Bb7 13. 0-0 Nf6 14. Rfd1 Ne4 15. Qe1 g5 16. Bg3 Nxg3 17. hxg3 Qc7 18. Nd2 Rad8 19. f4 e6 20. Qf2 Qe7 21. Bf3 Ba6 22. Be2 Bb7 23. Bf3 1/2-1/2

[Event "Split op 6th"]
[Site "Split"]
[Date "2016.08.14"]
[Round "2"]
[White "Yrjola, Jouni"]
[Black "Saric, Luka"]
[Result "1-0"]
[WhiteElo "2344"]
[BlackElo "2057"]
[PlyCount "51"]
[EventDate "2016.08.13"]
[EventType "swiss"]
[EventRounds "9"]
[EventCountry "CRO"]
[SourceTitle "CBM 173 Extra"]
[Source "ChessBase"]
[SourceDate "2016.08.29"]
[SourceVersion "1"]
[SourceVersionDate "2016.08.29"]
[SourceQuality "1"]

1. c4 e6 2. Nc3 d5 3. d4 Be7 4. cxd5 exd5 5. Bf4 c6 6. Qc2 Nf6 7. e3 Nh5 8. Bg3 Nd7 9. Bd3 g6 10. Nge2 0-0 11. 0-0-0 Nxg3 12. hxg3 Re8 13. Nf4 Nf8 14. f3 Bf6 15. Qf2 b5 16. Kb1 Ne6 17. g4 Qb6 18. g3 Bb7 19. Nxe6 Rxe6 20. f4 Rae8 21. g5 Bh8 22. f5 f6 23. fxg6 fxg5 24. gxh7+ Kg7 25. Rdf1 c5 26. Qf5 1-0